|
|
|
|
| LEADER |
00000cam a2200000 7i4500 |
| 001 |
0000077663 |
| 005 |
20180110.0 |
| 008 |
180110 |
| 020 |
|
|
|a 9832336783
|
| 090 |
0 |
0 |
|a JF
|b MAL
|
| 100 |
0 |
|
|a WS. Uzala
|
| 245 |
1 |
0 |
|a Begini akhirnya
|c WS. Uzala
|
| 260 |
|
|
|a Selangor :
|b Eddiplex ,
|c 2006
|
| 440 |
|
0 |
|a Siri novel meredah cabaran
|
| 500 |
|
|
|a Children ages 7-9 years old (orange)
|
| 650 |
|
0 |
|a Junior fiction
|x Malay
|x Languages
|
| 650 |
|
0 |
|a Moral
|
| 710 |
0 |
|
|a Title
|
| 999 |
|
|
|a 0000004488
|b Book
|c Children Collection
|e Cawangan Taman Universiti
|
| 999 |
|
|
|a 0000004489
|b Book
|c Children Collection
|e Cawangan Taman Universiti
|
| 999 |
|
|
|a 0000004490
|b Book
|c Children Collection
|e Cawangan Taman Universiti
|